Huy động và sử dụng các nguồn lực chủ yếu nhằm đảm bảo tăng trưởng kinh tế ở Việt Nam Sách chuyên khảo

Saved in:
Bibliographic Details
Main Author: Võ, Văn Đức
Format: Book
Language:English
Vietnamese
Published: Hà Nội Chính trị quốc gia 2009
Subjects:
Tags: Add Tag
No Tags, Be the first to tag this record!
Institutions: Trung tâm Học liệu Lê Vũ Hùng, Trường Đại học Đồng Tháp
LEADER 00928pam a22002418a 4500
001 00041590
008 170505s1996 ||||||engsd
005 20180615080646.0
020 # # |c 29000 
041 0 # |a vie 
082 0 4 |a 338.959 7  |b H522Đ 
100 1 # |a Võ, Văn Đức 
245 1 0 |b Sách chuyên khảo  |a Huy động và sử dụng các nguồn lực chủ yếu nhằm đảm bảo tăng trưởng kinh tế ở Việt Nam  |c Võ Văn Đức 
260 # # |b Chính trị quốc gia  |c 2009  |a Hà Nội 
300 # # |a 202 tr.  |c 21 cm. 
500 # # |a ĐTTS ghi: Học viện chính trị - hành chính quốc gia Hồ Chí Minh 
653 # # |a Kinh tế 
653 # # |a Nguồn lực 
653 # # |a Phát triển 
653 # # |a Việt Nam 
852 # # |j KD.0023811 
910 |d 15/06/2018 
980 # # |a Trung tâm Học liệu Lê Vũ Hùng, Trường Đại học Đồng Tháp